Загрузка...

Shackleton on the law and practice of meeting

Библиографические подробности
Главный автор: Shearman, I Shackleton
Формат: Printed Book
Язык:English
Опубликовано: London Sweet & Maxwell 1997
Редактирование:9th ed.
Предметы:
LEADER 00580nam a22001817a 4500
003 OSt
008 090502t xxu||||| |||| 00| 0 eng d
020 |a 0421539100 
080 |a 347.72.036  |b SHA'97 
100 |a Shearman, I  |c Shackleton  |9 2608 
245 |a Shackleton on the law and practice of meeting 
250 |a 9th ed. 
260 |a London  |b Sweet & Maxwell  |c 1997 
300 |a 370p. 
653 |a Meeting  |a Company law 
942 |c REF  |6 _ 
999 |c 186831  |d 186831 
952 |0 0  |1 0  |4 0  |6 34772036_SHA97  |7 0  |9 240711  |a SLS  |b SLS  |d 2009-05-02  |o 347.72.036 SHA'97  |p SLS020785  |r 2009-05-02  |w 2009-05-02  |y REF